<?xml version="1.0" encoding="UTF-8"?>
<record
    xmlns:xsi="http://www.w3.org/2001/XMLSchema-instance"
    xsi:schemaLocation="http://www.loc.gov/MARC21/slim http://www.loc.gov/standards/marcxml/schema/MARC21slim.xsd"
    xmlns="http://www.loc.gov/MARC21/slim">

  <leader>01951nam a22002297a 4500</leader>
  <controlfield tag="005">20260130093730.0</controlfield>
  <controlfield tag="008">260129b        |||||||| |||| 00| 0 eng d</controlfield>
  <datafield tag="020" ind1=" " ind2=" ">
    <subfield code="a">9798885559621</subfield>
  </datafield>
  <datafield tag="040" ind1=" " ind2=" ">
    <subfield code="c">AL</subfield>
  </datafield>
  <datafield tag="041" ind1=" " ind2=" ">
    <subfield code="a">English</subfield>
  </datafield>
  <datafield tag="082" ind1=" " ind2=" ">
    <subfield code="a">658.7</subfield>
    <subfield code="b">RANB</subfield>
  </datafield>
  <datafield tag="100" ind1=" " ind2=" ">
    <subfield code="a">Villivalam Rangachari Rangarajan</subfield>
    <subfield code="9">253247</subfield>
  </datafield>
  <datafield tag="245" ind1=" " ind2=" ">
    <subfield code="a">Basics of Warehouse and inventory management</subfield>
    <subfield code="b">: the pillars of business logistics</subfield>
  </datafield>
  <datafield tag="260" ind1=" " ind2=" ">
    <subfield code="a">Chennai</subfield>
    <subfield code="b">Notion Press</subfield>
    <subfield code="c">2022</subfield>
  </datafield>
  <datafield tag="300" ind1=" " ind2=" ">
    <subfield code="a">131p.</subfield>
    <subfield code="b">PB</subfield>
    <subfield code="c">23x15cm.</subfield>
  </datafield>
  <datafield tag="365" ind1=" " ind2=" ">
    <subfield code="a">XIHG-290485</subfield>
    <subfield code="b">&#x20B9;208.62</subfield>
    <subfield code="c">&#x20B9;</subfield>
    <subfield code="d">&#x20B9;225.00</subfield>
    <subfield code="f">14-01-2026</subfield>
  </datafield>
  <datafield tag="520" ind1=" " ind2=" ">
    <subfield code="a">"With Logistics taking care of all movements,We can make our lives A movement"

Thanks to the vision and efforts of the Indian Government headed by honorable and venerable Prime Minister Shri Narendra Modi, India is on the threshold of breaking in to a major global market leader.            

As a corollary, Chennai is bound to emerge as a world class industrial and warehouse hub. The way India maximized benefits of Logistics to tackle the pandemic was an eye opener for the world. I am proud to release this edition at this juncture.

This edition is laid out as a beginner&#x2019;s burrow. It may serve as a reference book too for learners in the early part of their Logistics career and serve as a valuable reference manual in warehouses too. 

If a practical and pragmatic look of how a warehouse takes shape, what all happens there, what delivers a complete guideline to manage a warehouse effectively and efficiently and what are the basics of controlling the Inventory, here is the book.

I look forward to, and am sure, many in the learning community will hugely benefit from the knowledge enhancement process went through.

I hope they will in future contribute to it as well.</subfield>
  </datafield>
  <datafield tag="650" ind1=" " ind2=" ">
    <subfield code="a">Management</subfield>
    <subfield code="9">253087</subfield>
  </datafield>
  <datafield tag="650" ind1=" " ind2=" ">
    <subfield code="a">Warehouse operations and physical distribution</subfield>
    <subfield code="9">253088</subfield>
  </datafield>
  <datafield tag="650" ind1=" " ind2=" ">
    <subfield code="a">Inventory handling and control techniques</subfield>
    <subfield code="9">253089</subfield>
  </datafield>
  <datafield tag="942" ind1=" " ind2=" ">
    <subfield code="2">ddc</subfield>
    <subfield code="c">BK</subfield>
  </datafield>
  <datafield tag="999" ind1=" " ind2=" ">
    <subfield code="c">240838</subfield>
    <subfield code="d">240838</subfield>
  </datafield>
  <datafield tag="952" ind1=" " ind2=" ">
    <subfield code="0">0</subfield>
    <subfield code="1">0</subfield>
    <subfield code="2">ddc</subfield>
    <subfield code="4">0</subfield>
    <subfield code="7">0</subfield>
    <subfield code="8">MAN</subfield>
    <subfield code="a">AL</subfield>
    <subfield code="b">AL</subfield>
    <subfield code="c">SK</subfield>
    <subfield code="d">2026-01-22</subfield>
    <subfield code="e">amazon.in</subfield>
    <subfield code="g">208.62</subfield>
    <subfield code="l">0</subfield>
    <subfield code="o">658.7 RANB</subfield>
    <subfield code="p">078076</subfield>
    <subfield code="r">2026-01-29 11:33:33</subfield>
    <subfield code="v">225.00</subfield>
    <subfield code="w">2026-01-14</subfield>
    <subfield code="y">BK</subfield>
  </datafield>
  <datafield tag="952" ind1=" " ind2=" ">
    <subfield code="0">0</subfield>
    <subfield code="1">0</subfield>
    <subfield code="2">ddc</subfield>
    <subfield code="4">0</subfield>
    <subfield code="7">0</subfield>
    <subfield code="8">MAN</subfield>
    <subfield code="a">AL</subfield>
    <subfield code="b">AL</subfield>
    <subfield code="c">SK</subfield>
    <subfield code="d">2026-01-22</subfield>
    <subfield code="e">amazon.in</subfield>
    <subfield code="g">208.63</subfield>
    <subfield code="l">0</subfield>
    <subfield code="o">658.7 RANB</subfield>
    <subfield code="p">078077</subfield>
    <subfield code="r">2026-01-29 11:33:33</subfield>
    <subfield code="v">225.00</subfield>
    <subfield code="w">2026-01-14</subfield>
    <subfield code="y">BK</subfield>
  </datafield>
</record>
